Super Bowl Half-Time Performers Quiz Stats

 Plays Quiz Updated Feb 4, 2015

Challenge
Share
Tweet
Score 0/24 Timer 08:00
3 Plays Today
% Correct
Beyoncé
99%
Janet Jackson & Justin Timberlake
96.4%
Madonna
95.1%
Prince
95%
Michael Jackson
94.9%
Aerosmith, Britney Spears, & 'N Sync
94.9%
Stevie Wonder
91.8%
Bruno Mars
90.7%
Gwen Stefani & Sting
88.7%
Paul McCartney
87.9%
The Rolling Stones
87.5%
U2
87.1%
% Correct
Usher
82.2%
James Brown & The Blues Brothers
79.1%
Bruce Springsteen & the E Street Band
78.3%
Tina Turner
68.3%
Queen Latifah
66.9%
Diana Ross
61.4%
Tom Petty and The Heartbreakers
56%
The Who
54.5%
Tony Bennett & Patti LaBelle
51.5%
New Kids on the Block
49.3%
Ella Fitzgerald
41.6%
Chubby Checker
26.6%

You're not logged in!

Compare scores with friends on all Sporcle quizzes.
OR
Log In

You Might Also Like...

Show Comments

Extras

Top Quizzes Today


Score Distribution

Your Account Isn't Verified!

In order to create a playlist on Sporcle, you need to verify the email address you used during registration. Go to your Sporcle Settings to finish the process.

Report this User

Report this user for behavior that violates our Community Guidelines.

Details: